[Event "Durban USSA op"]
[Site "Durban"]
[Date "2023.12.05"]
[Round "3"]
[White "Makhetha, Laviens"]
[Black "Mbokazi, Banele"]
[Result "0-1"]
[WhiteElo "1643"]
[BlackElo "1586"]
[PlyCount "114"]
[EventDate "2023.12.04"]
[EventType "swiss"]
[EventRounds "9"]
[EventCountry "RSA"]
[SourceTitle "CB50_2023"]
[SourceDate "2023.12.13"]
[SourceVersion "1"]
[SourceVersionDate "2023.12.13"]
[SourceQuality "1"]

1. Nf3 c5 2. g3 Nf6 3. Bg2 e6 4. 0-0 Be7 5. d4 cxd4 6. Nxd4 0-0 7. c4 a6 8. Nd2 Qc7 9. b3 Nc6 10. Bb2 b6 11. e3 Bb7 12. N4f3 Rfd8 13. Qe2 d5 14. Rac1 Rac8 15. cxd5 Nxd5 16. Ne5 Bc5 17. Nxc6 Bxc6 18. a3 Qb7 19. Nc4 Nc3 20. Rxc3 Bxg2 21. Rfc1 Bh1 22. f4 Rc7 23. R3c2 Rcd7 24. h3 Bf3 25. Qf2 Rd1+ 26. Kh2 Be4 27. Rxd1 Rxd1 28. Rc1 Qd5 29. Rxd1 Qxd1 30. g4 Qxb3 31. Nd2 Qxb2 32. Nxe4 Qxf2+ 33. Nxf2 Bxe3 34. Nd3 Bc5 35. a4 Bd6 36. Kg2 Kf8 37. Kf3 Ke7 38. Ke4 Kd7 39. h4 b5 40. axb5 axb5 41. h5 b4 42. Kd4 Kc6 43. h6 gxh6 44. f5 exf5 45. gxf5 f6 46. Ne1 Kb5 47. Kd5 b3 48. Kxd6 b2 49. Nc2 h5 50. Na3+ Ka4 51. Nb1 h4 52. Ke6 h3 53. Kxf6 h2 54. Kg7 h1Q 55. f6 Qxb1 56. f7 Qg6+ 57. Kh8 Qf6+ 0-1